|
|
|
|
| LEADER |
00000naa a2200000uu 4500 |
| 001 |
vtls011033835 |
| 003 |
SK-MaSNL |
| 005 |
20260302124752.0 |
| 008 |
210907|2001 xo |||||||||||||||||eng| |
| 015 |
|
|
|a SNBRA
|
| 035 |
|
|
|a (urnnbn)urn:nbn:sk:snk:ar-008sco
|
| 035 |
|
|
|a (uuid)5d807f67-ec7e-45b6-92f1-467f2c45abef
|
| 035 |
|
|
|a urn:nbn:sk:snk-aauo7l
|
| 040 |
|
|
|a SNKBUCL
|b slo
|c SNKBUCL
|e AACR2
|
| 041 |
0 |
|
|a eng
|
| 044 |
|
|
|a xo
|c SK
|
| 100 |
1 |
|
|a Preinerová, Anna
|4 aut
|9 811107
|
| 245 |
1 |
0 |
|a THE SOCIAL AND ECONOMICAL ASPECTS OF THE PREPARATION FOR THE RETIREMENT AGE
|c Anna Preinerová
|
| 773 |
0 |
|
|t Preparation for retirement age - andragogical action
|d Bratislava : Gerlach Print, 2001
|g S. 31-35
|z 8096856405
|
| 958 |
|
|
|a OND
|
| 958 |
|
|
|a article12
|
| 958 |
|
|
|a chapter
|
| 999 |
|
|
|c 1289988
|d 1291918
|